<?xml version="1.0" encoding="UTF-8"?>
<record
    xmlns:xsi="http://www.w3.org/2001/XMLSchema-instance"
    xsi:schemaLocation="http://www.loc.gov/MARC21/slim http://www.loc.gov/standards/marcxml/schema/MARC21slim.xsd"
    xmlns="http://www.loc.gov/MARC21/slim">

  <leader>01612nas a2200289 454500</leader>
  <controlfield tag="001">23982</controlfield>
  <controlfield tag="005">20260407193506.0</controlfield>
  <controlfield tag="008">260407s2007####ag###########|||spa#d</controlfield>
  <controlfield tag="003">AR-UNSa-BCEJYS</controlfield>
  <datafield tag="040" ind1=" " ind2=" ">
    <subfield code="a">AR-UNSa-BCEJYS</subfield>
    <subfield code="b">spa</subfield>
    <subfield code="c">AR-UNSa-BCEJYS</subfield>
  </datafield>
  <datafield tag="080" ind1=" " ind2=" ">
    <subfield code="a">338</subfield>
    <subfield code="x">Situaci&#xF3;n econ&#xF3;mica. Pol&#xED;tica econ&#xF3;mica. Gesti&#xF3;n de la econom&#xED;a. Planificaci&#xF3;n de la econom&#xED;a. Producci&#xF3;n. Servicios. Precios</subfield>
  </datafield>
  <datafield tag="245" ind1="1" ind2="0">
    <subfield code="a">Revista de Econom&#xED;a Pol&#xED;tica de Buenos Aires</subfield>
  </datafield>
  <datafield tag="022" ind1=" " ind2=" ">
    <subfield code="a">1850-6933</subfield>
  </datafield>
  <datafield tag="264" ind1=" " ind2="1">
    <subfield code="a">Buenos Aires :</subfield>
    <subfield code="b">Universidad de Buenos Aires. Facultad de Ciencias Econ&#xF3;micas</subfield>
    <subfield code="c">2007</subfield>
  </datafield>
  <datafield tag="310" ind1=" " ind2=" ">
    <subfield code="a">Frecuencia: Semestral
Cambia de Director a partir del A&#xF1;o 1, N&#xBA; 2 por Andr&#xE9;s L&#xF3;pez
Cambia de Director a partir del A&#xF1;o 4, N&#xBA; 7/8 por Facundo Albornoz Crespo
</subfield>
  </datafield>
  <datafield tag="520" ind1=" " ind2=" ">
    <subfield code="a">La Revista de Econom&#xED;a Pol&#xED;tica de Buenos Aires es una publicaci&#xF3;n acad&#xE9;mica de la Facultad de Ciencias Econ&#xF3;micas de la Universidad de Buenos Aires. Est&#xE1; abierta a contribuciones en todos los campos de la econom&#xED;a y los criterios de acpetaci&#xF3;n se basan tanto en el pluralismo ideol&#xF3;gico y te&#xF3;rico como en el m&#xE1;ximo rigor acad&#xE9;mico.</subfield>
  </datafield>
  <datafield tag="942" ind1=" " ind2=" ">
    <subfield code="c">SER</subfield>
  </datafield>
  <datafield tag="590" ind1=" " ind2=" ">
    <subfield code="a">niveau_biblio:s niveau_hierar:1</subfield>
  </datafield>
  <datafield tag="100" ind1="1" ind2=" ">
    <subfield code="a">Beccaria, Luis A.</subfield>
  </datafield>
  <datafield tag="700" ind1="1" ind2=" ">
    <subfield code="a">Universidad de Buenos Aires. Facultad de Ciencias Econ&#xF3;micas</subfield>
  </datafield>
  <datafield tag="650" ind1=" " ind2=" ">
    <subfield code="a">Movimiento de capitales</subfield>
  </datafield>
  <datafield tag="650" ind1=" " ind2=" ">
    <subfield code="a">Pol&#xED;tica monetaria</subfield>
  </datafield>
  <datafield tag="650" ind1=" " ind2=" ">
    <subfield code="a">Pol&#xED;tica econ&#xF3;mica</subfield>
  </datafield>
  <datafield tag="650" ind1=" " ind2=" ">
    <subfield code="a">Macroeconom&#xED;a</subfield>
  </datafield>
  <datafield tag="650" ind1=" " ind2=" ">
    <subfield code="a">ECONOMIA</subfield>
  </datafield>
  <datafield tag="856" ind1="4" ind2="1">
    <subfield code="u">https://biblioeco.unsa.edu.ar/pmb/images/revistas/Revista de Econom?a Pol?tica de Buenos Aires.jpg</subfield>
    <subfield code="y">Imagen de portada</subfield>
    <subfield code="q">image/jpeg</subfield>
  </datafield>
  <datafield tag="999" ind1=" " ind2=" ">
    <subfield code="c">8570</subfield>
    <subfield code="d">8570</subfield>
  </datafield>
  <datafield tag="952" ind1=" " ind2=" ">
    <subfield code="0">0</subfield>
    <subfield code="1">0</subfield>
    <subfield code="4">0</subfield>
    <subfield code="7">0</subfield>
    <subfield code="a">BCEJYS</subfield>
    <subfield code="b">BCEJYS</subfield>
    <subfield code="c">17</subfield>
    <subfield code="d">2014-11-01</subfield>
    <subfield code="h">A&#xF1;o 8, N&#xBA; 13 - nov. 2014</subfield>
    <subfield code="l">0</subfield>
    <subfield code="o">H338 POL a8.v13</subfield>
    <subfield code="p">R15701</subfield>
    <subfield code="r">2026-04-10 16:08:16</subfield>
    <subfield code="w">2026-04-10</subfield>
    <subfield code="y">RN</subfield>
  </datafield>
  <datafield tag="952" ind1=" " ind2=" ">
    <subfield code="0">0</subfield>
    <subfield code="1">0</subfield>
    <subfield code="4">0</subfield>
    <subfield code="7">0</subfield>
    <subfield code="a">BCEJYS</subfield>
    <subfield code="b">BCEJYS</subfield>
    <subfield code="c">17</subfield>
    <subfield code="d">2013-05-01</subfield>
    <subfield code="h">A&#xF1;o 7, N&#xBA; 12 - mayo 2013</subfield>
    <subfield code="l">0</subfield>
    <subfield code="o">H338 POL a7.v12</subfield>
    <subfield code="p">R11460</subfield>
    <subfield code="r">2026-04-10 16:08:16</subfield>
    <subfield code="w">2026-04-10</subfield>
    <subfield code="y">RN</subfield>
  </datafield>
  <datafield tag="952" ind1=" " ind2=" ">
    <subfield code="0">0</subfield>
    <subfield code="1">0</subfield>
    <subfield code="4">0</subfield>
    <subfield code="7">0</subfield>
    <subfield code="a">BCEJYS</subfield>
    <subfield code="b">BCEJYS</subfield>
    <subfield code="c">17</subfield>
    <subfield code="d">2012-05-01</subfield>
    <subfield code="h">A&#xF1;o 6, N&#xBA; 11 - mayo 2012</subfield>
    <subfield code="l">0</subfield>
    <subfield code="o">H338 POL a6.v11</subfield>
    <subfield code="p">R11459</subfield>
    <subfield code="r">2026-04-10 16:08:16</subfield>
    <subfield code="w">2026-04-10</subfield>
    <subfield code="y">RN</subfield>
  </datafield>
  <datafield tag="952" ind1=" " ind2=" ">
    <subfield code="0">0</subfield>
    <subfield code="1">0</subfield>
    <subfield code="4">0</subfield>
    <subfield code="7">0</subfield>
    <subfield code="a">BCEJYS</subfield>
    <subfield code="b">BCEJYS</subfield>
    <subfield code="c">17</subfield>
    <subfield code="d">2011-11-01</subfield>
    <subfield code="h">A&#xF1;o 5, N&#xBA; 9/10 - nov. 2011</subfield>
    <subfield code="l">0</subfield>
    <subfield code="o">H338 POL a5.v9/10</subfield>
    <subfield code="p">R11458</subfield>
    <subfield code="r">2026-04-10 16:08:16</subfield>
    <subfield code="w">2026-04-10</subfield>
    <subfield code="y">RN</subfield>
  </datafield>
  <datafield tag="952" ind1=" " ind2=" ">
    <subfield code="0">0</subfield>
    <subfield code="1">0</subfield>
    <subfield code="4">0</subfield>
    <subfield code="7">0</subfield>
    <subfield code="a">BCEJYS</subfield>
    <subfield code="b">BCEJYS</subfield>
    <subfield code="c">17</subfield>
    <subfield code="d">2010-11-01</subfield>
    <subfield code="h">A&#xF1;o 4, N&#xBA; 7/8 - nov. 2010</subfield>
    <subfield code="l">0</subfield>
    <subfield code="o">H338 POL a4.v7/8</subfield>
    <subfield code="p">R11457</subfield>
    <subfield code="r">2026-04-10 16:08:16</subfield>
    <subfield code="w">2026-04-10</subfield>
    <subfield code="y">RN</subfield>
  </datafield>
  <datafield tag="952" ind1=" " ind2=" ">
    <subfield code="0">0</subfield>
    <subfield code="1">0</subfield>
    <subfield code="4">0</subfield>
    <subfield code="7">0</subfield>
    <subfield code="a">BCEJYS</subfield>
    <subfield code="b">BCEJYS</subfield>
    <subfield code="c">17</subfield>
    <subfield code="d">2009-11-01</subfield>
    <subfield code="h">A&#xF1;o 3, N&#xBA; 5/6 - nov. 2009</subfield>
    <subfield code="l">0</subfield>
    <subfield code="o">H338 POL a3.v5/6</subfield>
    <subfield code="p">R11456</subfield>
    <subfield code="r">2026-04-10 16:08:16</subfield>
    <subfield code="w">2026-04-10</subfield>
    <subfield code="y">RN</subfield>
  </datafield>
  <datafield tag="952" ind1=" " ind2=" ">
    <subfield code="0">0</subfield>
    <subfield code="1">0</subfield>
    <subfield code="4">0</subfield>
    <subfield code="7">0</subfield>
    <subfield code="a">BCEJYS</subfield>
    <subfield code="b">BCEJYS</subfield>
    <subfield code="c">17</subfield>
    <subfield code="d">2008-11-01</subfield>
    <subfield code="h">A&#xF1;o 2, Vol. 3/4 - nov. 2008</subfield>
    <subfield code="l">0</subfield>
    <subfield code="o">H338 POL a2.v3/4</subfield>
    <subfield code="p">R11426</subfield>
    <subfield code="r">2026-04-10 16:08:16</subfield>
    <subfield code="w">2026-04-10</subfield>
    <subfield code="y">RN</subfield>
  </datafield>
  <datafield tag="952" ind1=" " ind2=" ">
    <subfield code="0">0</subfield>
    <subfield code="1">0</subfield>
    <subfield code="4">0</subfield>
    <subfield code="7">0</subfield>
    <subfield code="a">BCEJYS</subfield>
    <subfield code="b">BCEJYS</subfield>
    <subfield code="c">17</subfield>
    <subfield code="d">2007-11-01</subfield>
    <subfield code="h">A&#xF1;o 1, N&#xBA; 2 - nov. 2007</subfield>
    <subfield code="l">0</subfield>
    <subfield code="o">H338 POL a1.v2</subfield>
    <subfield code="p">R11811</subfield>
    <subfield code="r">2026-04-10 16:08:16</subfield>
    <subfield code="w">2026-04-10</subfield>
    <subfield code="y">RN</subfield>
  </datafield>
  <datafield tag="952" ind1=" " ind2=" ">
    <subfield code="0">0</subfield>
    <subfield code="1">0</subfield>
    <subfield code="4">0</subfield>
    <subfield code="7">0</subfield>
    <subfield code="a">BCEJYS</subfield>
    <subfield code="b">BCEJYS</subfield>
    <subfield code="c">17</subfield>
    <subfield code="d">2007-03-01</subfield>
    <subfield code="h">A&#xF1;o 1, N&#xBA; 1 - mar. 2007</subfield>
    <subfield code="l">0</subfield>
    <subfield code="o">H338 POL a1.v1</subfield>
    <subfield code="p">R02078</subfield>
    <subfield code="r">2026-04-10 16:08:16</subfield>
    <subfield code="w">2026-04-10</subfield>
    <subfield code="y">RN</subfield>
  </datafield>
</record>
